[Event "84th Annual Southwest Open"]
[Site "Irving"]
[Date "2018.09.01"]
[Round "4"]
[White "Findlay, Ian T"]
[Black "Oberoi, Shelev"]
[Result "0-1"]
[WhiteElo "2263"]
[BlackElo "1896"]
[Annotator "TA"]
[PlyCount "46"]
[EventDate "2018.08.31"]
[EventType "swiss"]
[EventCountry "USA"]
[SourceTitle "playchess.com"]
[Source "ChessBase"]
[SourceQuality "1"]

{[%evp 20,46,-43,-120,-124,-338,-339,-329,-297,-309,-302,-345,-340,-334,-341,-443,-408,-954,-350,-953,-933,-945,-947,-947,-919,-947,-932,-933,-918]} 1. e4 e5 2. Nf3 Nc6 3. Bb5 a6 4. Bxc6 dxc6 5. O-O Bg4 6. h3 h5 {[%cal Bh7h5,Bh5g4][%mdl 32]} 7. d3 Qf6 8. Nbd2 Ne7 9. Re1 Ng6 10. hxg4 hxg4 11. Nh2 {LiveBook: 3 Games} (11. d4 $15 gxf3 12. Nxf3) 11... Bc5 $17 {[#] C68: Ruy Lopez: Exchange Variation, sidelines} 12. Re3 $2 (12. Ndf3 $1 $17 {[%mdl 512]} Bxf2+ (12... gxf3 13. Nxf3) 13. Kxf2 Rxh2 14. Bg5 Qxf3+ 15. Qxf3 gxf3 16. Kxf3) (12. Nxg4 Qh4 13. Kf1 Qh1+ 14. Ke2 Nf4+ 15. Kf3 Qxg2# {0-1 (15) Vescovi,G (2648)-Kazhgaleyev,M (2596) playchess.com INT 2004}) 12... Bxe3 13. fxe3 Qh4 {Black has a decisive advantage.} 14. Ndf1 $146 ({Predecessor:} 14. Qxg4 Qxh2+ 15. Kf2 Qh4+ 16. Qxh4 Rxh4 17. b3 Rh1 18. Nf1 O-O-O 19. g3 {1-0 (91) Grana Lois,J (2040)-Rodriguez Castineiras,J Cambre 2006}) 14... g3 15. Nxg3 Qxg3 ({But not} 15... Qxh2+ 16. Kf2 $19) 16. Nf1 Qh4 17. Bd2 O-O-O {[%cal Ba8d8,Bd8d6,Bd6f6][%mdl 32]} 18. Qf3 (18. Bb4 $142) 18... Qh1+ $19 19. Kf2 Rd6 {Black is clearly winning.} 20. Ke2 Rf6 21. Qg4+ Kb8 22. Re1 Qg1 23. Qg3 Rh1 {Precision: White = 44%, Black = 93%.} 0-1

[Event "84th Annual Southwest Open"]
[Site "Irving"]
[Date "2018.09.01"]
[Round "4"]
[White "Daggupati, Balaji"]
[Black "Kumar, Naman"]
[Result "1-0"]
[WhiteElo "2226"]
[BlackElo "1914"]
[Annotator "TA"]
[PlyCount "43"]
[EventDate "2018.08.31"]
[EventType "swiss"]
[EventCountry "USA"]
[SourceTitle "playchess.com"]
[Source "ChessBase"]
[SourceQuality "1"]

{[%evp 15,43,-74,-60,-66,97,106,61,32,149,140,266,270,432,429,441,436,371,369,634,640,639,627,624,624,787,779,772,763,746,749]} 1. e4 c5 2. Nf3 {[%cal Bg1f3,Bf3d4,Bd4f5][%mdl 32]} d6 {[%cal Bd7d6,Bd6d5,Bd5d4][%mdl 32]} 3. d4 cxd4 4. Nxd4 Nf6 5. Nc3 a6 6. Qe2 {B90: Sicilian Najdorf: Unusual White 6th moves, 6 Be3 Ng4 and 6 Be3 e5} (6. f3 e5 7. Nb3 Be6 8. Be3 h5 9. Qd2 Nbd7 10. Nd5 Bxd5 11. exd5 g6 12. Be2 Bg7 13. O-O a5 14. a4 O-O 15. Bb5 Qc7 16. c4 b6 17. h3 Nc5 18. Nxc5 bxc5 {½-½ (49) Carlsen,M (2842)-Vachier Lagrave,M (2779) Biel 2018}) 6... e5 7. Nf5 d5 8. Bg5 {[#]} d4 $1 {[%cal Rd4c3] LiveBook: 4 Games} 9. O-O-O Qa5 $2 (9... Nc6 $15 10. Bxf6 Qxf6) 10. Bxf6 $146 ({Predecessor:} 10. Nd5 Bxf5 11. Bxf6 gxf6 12. Qf3 Be6 13. Qxf6 Nd7 14. Qxh8 {1-0 (41) Peczely,S (2165)-Koczo,K (2265) Hungary 2013}) 10... gxf6 11. Qh5 $1 {Hoping for Nxd4!} Bxf5 (11... b5 $1 $14 12. Nd5 Nd7) 12. Qxf5 {Black must now prevent Rxd4!} Nd7 {[#]} (12... Qc5 $16) 13. Rxd4 $1 $18 {[%csl Gd4][%cal Rf5d7][%mdl 512]} O-O-O (13... Nc5 {might work better.} 14. Rd1 Bg7) (13... exd4 14. Qxa5) 14. Be2 Qb6 15. Rxd7 Rxd7 16. Bg4 Qc6 $2 (16... Qe6 17. Qf3 (17. Qxe6 fxe6 18. Bxe6 Kc7 $18) 17... Qc6) 17. Rd1 {White is clearly winning.} ({Not} 17. Qxd7+ Qxd7 18. Bxd7+ Kxd7 $16) 17... Bh6+ 18. Kb1 Rhd8 {If Black can now play ...Kc7 this consolidates a bit.} 19. Qxh7 Bf8 20. Rxd7 Rxd7 21. Qxf7 Bc5 22. Nd5 {Precision: White = 100%, Black = 19%.} 1-0

[Event "84th Annual Southwest Open"]
[Site "Irving"]
[Date "2018.09.02"]
[Round "4"]
[White "Wang, Jason"]
[Black "Baryshpolets, Andrey"]
[Result "0-1"]
[WhiteElo "2184"]
[BlackElo "2609"]
[Annotator "TA"]
[PlyCount "86"]
[EventDate "2018.08.31"]
[EventType "swiss"]
[EventCountry "USA"]
[SourceTitle "playchess.com"]
[Source "ChessBase"]
[SourceQuality "1"]

{[%evp 29,86,5,28,14,12,-14,-14,-13,-11,-20,-12,-29,-27,-54,-61,-52,-28,-25,-27,-66,-48,-138,-136,-129,-123,-120,-141,-242,-212,-200,-194,-196,-179,-179,-179,-183,-184,-176,-169,-181,-181,-196,-200,-314,-308,-468,-460,-542,-547,-581,-497,-483,-457,-695,-708,-773,-774,-774,-757]} 1. d4 Nf6 2. c4 e6 3. Nf3 d5 4. Nc3 Nbd7 5. cxd5 exd5 6. Bg5 Bb4 7. e3 c5 8. Bd3 Qa5 9. Qc2 c4 10. Bf5 O-O 11. O-O Re8 12. a3 Bxc3 {D38: Queen's Gambit Declined: Ragozin Defence (4 Nf3 Bb4)} 13. Qxc3 Qxc3 14. bxc3 Ne4 15. Bxe4 Rxe4 {LiveBook: 3 Games} (15... dxe4 {looks sharper.} 16. Nd2 b6 17. Rfb1 Ba6 18. Rb4 h6) 16. Nd2 Re6 17. e4 $146 ({Predecessor:} 17. Rfe1 Nb6 18. a4 Bd7 19. a5 Na4 20. Ra3 {0-1 (56) Zilberstein,D-Blatny,P (2525) California 1995}) 17... Nb6 18. Bd8 Na4 19. exd5 Rd6 20. Be7 Rxd5 21. Rfe1 Be6 $36 {[%mdl 2048] Black has the initiative.} 22. Re3 Re8 23. Bh4 $1 Rc8 24. h3 Rb5 25. Rb1 (25. Ne4 $15 Rb3 26. Be7) 25... Rxb1+ $17 26. Nxb1 Bf5 27. Nd2 f6 28. f4 (28. d5 $17) 28... Bd3 29. Kh2 Kf7 (29... Nxc3 30. Nxc4 $1 {[%mdl 512]} Rxc4 31. Rxd3 $17) 30. Be1 Nb6 {aiming for ...Nd5.} ({Much less strong is} 30... Nxc3 31. Nxc4 $1 {[%mdl 512]} Rxc4 32. Rxd3 $17) 31. Ne4 Bxe4 $1 32. Rxe4 $19 {[%mdl 4096] Endgame KRB-KRN} Nd5 33. Kg3 Rc6 34. Re2 Rb6 35. Kf3 Rb3 36. Ke4 {[#]} (36. a4 {was called for.}) 36... Ke6 $1 ({Not} 36... Nxc3+ 37. Bxc3 Rxc3 38. Kd5 $17) 37. Rc2 ({Don't play} 37. f5+ Kd6 $19) (37. Kf3+ {might work better.} Kd6 38. Re8 Nxc3 39. Bxc3 Rxc3+ 40. Ke4) 37... Rxa3 {Black is clearly winning.} 38. g4 b5 39. Bd2 a5 40. f5+ Kd6 41. Rc1 (41. h4 $142) 41... Ra2 42. Be1 Re2+ 43. Kf3 Re3+ {Precision: White = 30%, Black = 93%.} 0-1

[Event "84th Annual Southwest Open"]
[Site "Irving"]
[Date "2018.09.02"]
[Round "4"]
[White "Cervantes Landeiro, Thalia"]
[Black "Free, Graham"]
[Result "1/2-1/2"]
[WhiteElo "2172"]
[BlackElo "1926"]
[Annotator "TA"]
[PlyCount "128"]
[EventDate "2018.08.31"]
[EventType "swiss"]
[EventCountry "USA"]
[SourceTitle "playchess.com"]
[Source "ChessBase"]
[SourceQuality "1"]

{[%evp 26,128,9,0,145,163,156,156,160,164,196,202,220,198,206,199,215,210,239,239,235,210,220,220,217,210,208,201,198,193,185,186,179,172,243,249,242,243,230,229,279,229,222,213,270,254,277,193,472,467,464,448,429,374,427,245,365,0,384,426,389,381,355,214,351,333,254,8,8,111,104,104,95,0,0,0,0,0,0,0,0,0,0,0,0,0,0,0,0,0,0,0,0,0,0,0,0,0,0,0,0,0,0,0,0]} 1. d4 d5 2. c4 c6 3. cxd5 cxd5 4. Nc3 Nf6 5. Bf4 Nc6 6. e3 Bf5 7. Qb3 Na5 8. Bb5+ Bd7 9. Qa4 e6 {D10: Slav Defence: 3 cxd5 (without early Nf3) and 3 Nc3} 10. Nf3 a6 11. Bxd7+ Nxd7 12. O-O (12. Ne5 b5 13. Qd1 Nxe5 14. Bxe5 Nc4 15. Qe2 Nxe5 16. dxe5 Bb4 17. Rc1 {½-½ (65) Ni,H (2671)-Eljanov,P (2711) Riadh 2017}) 12... b5 13. Qd1 Be7 14. Rc1 {[#] LiveBook: 3 Games. Strongly threatening Nxd5!} O-O $146 {[#]} (14... Rc8 $11 {remains equal.}) ({Predecessor:} 14... Rc8 15. a4 b4 16. Ne2 O-O 17. Qd3 Qb6 18. b3 Qb7 19. h3 Rxc1 20. Rxc1 Rc8 21. Rxc8+ Qxc8 22. Ne5 {½-½ (22) Andeer,S (2438)-Dolgov,I (2522) ICCF email 2012}) 15. Nxd5 $1 $16 {[%mdl 512]} exd5 16. Bc7 Qe8 {White must now prevent ...Nc4.} 17. Bxa5 Bd6 18. Bc7 Qe7 19. Rc6 Bxc7 20. Rxc7 Rfc8 21. Qc2 Qd8 22. Rc1 {[%cal Rc7c8]} Nb6 23. b3 Rxc7 24. Qxc7 Qxc7 25. Rxc7 Rc8 26. Rxc8+ Nxc8 $18 {[%mdl 4096] Endgame KN-KN} 27. Ne5 Kf8 28. b4 Nb6 29. Nd3 Na8 (29... Ke7 $142 30. Nc5 Na4) 30. Nc5 Nc7 31. Kf1 Ke7 32. Ke2 f5 33. f3 g5 34. Kd3 h5 35. e4 f4 36. g3 Kd6 $2 (36... fxg3 37. hxg3 Kd6 38. e5+ Ke7) 37. gxf4 gxf4 38. a3 h4 39. exd5 Kxd5 40. Ne4 (40. h3 $142 Ne8 41. a4 (41. Nxa6 Ng7 $16)) 40... Ke6 (40... Ne8 {is a better defense.} 41. Nc3+ Ke6) 41. Nc5+ Kd5 42. h3 Ne8 43. Nxa6 Ng7 44. Nc7+ Kc6 45. Nxb5 $1 Kxb5 {KN-KP} 46. Ke4 $2 (46. d5 $1 $18) 46... Ne6 $1 $11 47. d5 Ng5+ 48. Kf5 $1 {[%cal Rf5g5]} ({Of course not} 48. Kxf4 $6 Nxh3+ 49. Kg4 Ng1 $11) 48... Nxh3 {[#]} 49. Kg4 ({Better is} 49. a4+ $1 $16 {[%mdl 512]} Kxa4 50. d6) 49... Ng5 {...h3 is the strong threat.The position is equal.} 50. Kxh4 Nxf3+ {KN-K3P} 51. Kg4 Ne5+ 52. Kxf4 Nc4 53. Kf5 Nxa3 {KN-KPP} 54. d6 Kc6 55. Ke6 Nb5 56. d7 Nd4+ 57. Ke5 Nf3+ 58. Ke6 Nd4+ $1 59. Ke7 Nf5+ 60. Kd8 Nd6 61. Ke7 Nb7 62. Ke6 Nd8+ 63. Ke7 Nb7 64. Ke6 Nd8+ {Precision: White = 74%, Black = 56%.} 1/2-1/2

[Event "84th Annual Southwest Open"]
[Site "Irving"]
[Date "2018.09.02"]
[Round "4"]
[White "Vivekananthan, Anish"]
[Black "Raznikov, Danny"]
[Result "0-1"]
[WhiteElo "2132"]
[BlackElo "2498"]
[Annotator "TA"]
[PlyCount "129"]
[EventDate "2018.08.31"]
[EventType "swiss"]
[EventCountry "USA"]
[SourceTitle "playchess.com"]
[Source "ChessBase"]
[SourceQuality "1"]

{[%evp 9,129,-18,4,-2,23,18,16,9,26,25,28,22,28,27,37,-2,5,-10,6,-31,0,1,0,0,6,-45,-38,-48,-39,-38,-28,-64,-17,-22,-29,-81,-67,-63,-39,-50,-54,-51,0,-109,-16,-12,0,-39,-32,-35,-36,-35,-41,-44,-37,-45,0,0,0,0,0,0,0,-31,0,-162,-109,-155,-152,-152,-95,-94,-95,-94,0,0,0,-90,-86,-93,-101,-127,-119,-122,-119,-112,-112,-167,-162,-178,-178,-178,-171,-206,-157,-208,-193,-181,-166,-213,-220,-425,-449,-413,-257,-347,-339,-479,-479,-468,-443,-566,-578,-735,-735,-713,-693,-636,-568,-882,-1126,-605]} 1. b3 d5 2. Bb2 Bg4 3. g3 c5 (3... c6 4. Bg2 Nd7 5. Nf3 Ngf6 6. O-O Bxf3 7. exf3 e6 8. f4 g6 9. d3 Bg7 10. Nd2 O-O 11. Nf3 a5 12. a3 Qc7 13. Ne5 Ne8 14. Re1 {1-0 (39) Nakamura,H (2792)-Navara,D (2737) Saint Louis 2017}) 4. Bg2 Nc6 5. h3 Bf5 $146 ({Vorgänger:} 5... Bh5 6. c4 d4 7. d3 e6 8. Nd2 Qd7 9. Ngf3 f5 10. O-O Nf6 11. a3 {½-½ (37) Breederveld,H (2074)-Tosi,F (2336) ICCF email 2009}) 6. Nf3 {A01: Larsen-Eröffnung} e6 7. O-O Nf6 8. d3 {Die Stellung ist ausgeglichen.} h6 9. Nbd2 Bh7 10. Ne5 Nxe5 11. Bxe5 Be7 12. c4 O-O 13. Qc2 Rc8 14. Rac1 Qd7 15. Qb2 Rfd8 16. Rfd1 b6 17. Nf3 (17. e4 $11) 17... d4 $15 18. Bf4 Nh5 19. Bd2 $1 Bd6 20. b4 e5 21. bxc5 bxc5 22. Ba5 (22. e4 $11 {hält das Gleichgewicht.}) 22... Re8 23. Nd2 Nf6 24. Qb7 Qe6 25. Rb1 Re7 (25... Bf8 $15) 26. Qf3 (26. Qa6 $11) 26... Bf5 (26... e4 $17 27. dxe4 Qd7) 27. g4 $11 Bg6 28. Rb7 e4 29. Rxe7 Bxe7 (29... exf3 $6 30. Rxe6 fxe6 31. Bxf3 $16 (31. Nxf3 Rb8 $14)) 30. dxe4 Qa6 31. Qa3 Bd8 32. Nb3 Nxe4 (32... Bb6 {keeps more tension.} 33. Bb4 Qxa3 34. Bxa3 Nxe4 35. Bxe4 Bxe4 36. f3 Bg6) 33. Bxe4 Bxe4 34. Nxc5 Rxc5 35. Qxc5 Bxa5 36. Qxd4 Qc6 {zielt auf ...Lh1 ab.} 37. Qe5 $2 (37. Qxa7 $11 {und Weiss steht sicher.} Bc7 38. c5) 37... Bb6 (37... Bc7 $19 38. Qb5 Qe6) 38. Qb5 {[#]} Qe6 $1 {[%mdl 1024] Schwarz hat starke Kompensation.} 39. c5 Bc6 ({Besser ist} 39... Bc7 40. Qd7 Qe5) 40. Qb3 $17 Qe4 {[%csl Gc6][%cal Re4h1]} ({Vergiftet wäre} 40... Bxc5 $2 41. Qxe6 fxe6 42. Rc1 $18) 41. Qf3 {Und Dxe4 würde nun gewinnen.} Qa4 $40 {[%mdl 128] Schwarz startet einen Angriff.} ({Bitte nicht} 41... Bxc5 $6 42. Rc1 $11) 42. Qb3 $1 Qe4 {[%csl Gc6][%cal Re4h1]} 43. Qf3 $1 {[%cal Rf3e4] Droht Dxe4 und aus.} Qe8 ({Doch nicht} 43... Bxc5 $6 44. Rc1 $11) 44. Qd3 Bc7 {...De5 ist eine echte Drohung.} 45. Qe3 Qxe3 46. fxe3 Kf8 47. Kf2 Ke7 48. Rd3 {[#]} (48. Rd4 $17 {ist eine bessere Verteidigung.}) 48... Ke6 $1 $19 49. Ra3 a5 {[%cal Ba7a5,Ba5a4][%mdl 32]} 50. Rd3 a4 51. Rd4 Ke7 52. Rb4 (52. Rd2 $17) 52... Kd7 53. e4 Ba5 54. Rd4+ Kc7 55. Kf3 $2 (55. Rc4) 55... Bc3 56. Rd3 Bb4 57. h4 Bxc5 58. g5 (58. Rc3 $142 Kb6 59. Rd3) 58... hxg5 {Schwarz steht klar auf Gewinn.} 59. hxg5 g6 60. Kf4 Bd7 61. Rd5 Kc6 62. Rd2 Be6 63. Rc2 a3 64. Ke5 Kb5 65. Rd2 {Precision: Weiß = 44%, Schwarz = 62%.} 0-1

[Event "84th Annual Southwest Open"]
[Site "Irving"]
[Date "2018.09.02"]
[Round "4"]
[White "Noland, Shawn W"]
[Black "Rozman, Levy"]
[Result "1/2-1/2"]
[WhiteElo "2071"]
[BlackElo "2421"]
[Annotator "TA"]
[PlyCount "68"]
[EventDate "2018.08.31"]
[EventType "swiss"]
[EventCountry "USA"]
[SourceTitle "playchess.com"]
[Source "ChessBase"]
[SourceQuality "1"]

{[%evp 15,68,5,7,-8,0,-59,-39,-34,-16,-9,-25,-22,-10,-27,-30,-29,-46,-41,-40,-33,-42,-83,-43,-103,-24,-50,-1,0,-13,-12,-2,0,0,-45,-11,-126,-134,-217,-214,-266,-252,-224,-219,-550,-543,-611,-595,-500,-503,-744,-726,-732,-721,-735,-727]} 1. e4 e6 2. d4 d5 3. e5 c5 4. c3 Qb6 5. Nf3 Nc6 6. a3 c4 7. Nbd2 Na5 8. Be2 Bd7 {LiveBook: 323 Games} 9. h4 {C02: French: Advance Variation} (9. Rb1 Ne7 10. O-O Qc7 11. Re1 Nc8 12. Nf1 Nb3 13. Bf4 Nb6 14. N3d2 Na5 15. h4 Be7 16. h5 h6 17. Bh2 Ba4 18. Qc1 O-O-O {½-½ (30) Bruzon Batista,L (2673)-Akobian,V (2640) Saint Louis 2018}) 9... Be7 10. g4 $146 (10. Rb1 $11) ({Predecessor:} 10. h5 O-O-O 11. g3 f5 12. Nf1 Nh6 13. Bxh6 gxh6 14. Rb1 Rhg8 15. Nh4 {½-½ (15) Gretarsson,H (2459)-Thorsteinsson,A (2285) Reykjavik 1999}) 10... Nh6 11. Rg1 $1 {Black is slightly better.} f6 (11... Ng8 {seems wilder.} 12. Rb1 O-O-O 13. b4 cxb3 14. c4 dxc4 15. Nxc4 Nxc4 16. Bxc4 Bc6) 12. exf6 gxf6 13. Nxc4 $1 Nxc4 14. Bxc4 dxc4 15. Bxh6 Qxb2 16. Qc1 Qxc1+ 17. Bxc1 Bc6 18. Nd2 Bd5 19. a4 {[#]} (19. Nf1 $15) 19... Bd6 (19... h5 $1 $17 {Threatening ...hxg4.} 20. g5 fxg5 21. hxg5 h4) 20. f3 $11 h5 {aiming for ...hxg4.} 21. Ne4 Bxe4 22. fxe4 hxg4 23. Rxg4 O-O-O 24. Rb1 f5 25. exf5 (25. Rg7 $1 $11) 25... exf5 $17 26. Rg5 (26. Rg1 $17) 26... Rxh4 $19 27. Rxf5 Re8+ 28. Kf2 Rh1 29. Rfb5 $2 {[#]} (29. Rg5 {is a better chance.}) 29... Ree1 {Black is clearly winning.} 30. Rxb7 Rxc1 31. Rxc1 Rh2+ 32. Kf3 Kxb7 33. Ke4 Kc6 34. Rb1 Re2+ {[%mdl 32768] Precision: White = 28%, Black = 33%. . An unexpected result.} 1/2-1/2

[Event "84th Annual Southwest Open"]
[Site "Irving"]
[Date "2018.09.02"]
[Round "4"]
[White "Sanchez, Robert"]
[Black "Nakar, Eylon"]
[Result "0-1"]
[WhiteElo "1834"]
[BlackElo "2461"]
[Annotator "TA"]
[PlyCount "70"]
[EventDate "2018.08.31"]
[EventType "swiss"]
[EventCountry "USA"]
[SourceTitle "playchess.com"]
[Source "ChessBase"]
[SourceQuality "1"]

{[%evp 13,70,7,6,-9,-6,-17,0,0,-4,-14,0,0,0,-14,-11,-16,-19,-48,-45,-62,-56,-123,-100,-297,-159,-169,-139,-154,-156,-162,-125,-214,-94,-95,-96,-93,-58,-229,-222,-226,-230,-230,-224,-222,-217,-219,-206,-209,-125,-657,-648,-643,-636,-622,-344,-612,-593,-29998,-29999]} 1. e4 c5 2. Nf3 d6 3. d4 cxd4 4. Nxd4 Nf6 5. Nc3 a6 6. Be2 e5 7. Nf3 Be7 {LiveBook: 174 Games} 8. h3 {B92: Sicilian Najdorf: 6 Be2} (8. Bg5 Nbd7 9. a4 h6 10. Be3 Ng4 11. Bc1 Ngf6 12. Nd2 Nc5 13. O-O Qc7 14. a5 Be6 15. Re1 O-O 16. Bf3 Rad8 {½-½ (80) So,W (2778)-Vachier Lagrave,M (2789) Stavanger 2018}) 8... O-O 9. g4 $146 ({Predecessor:} 9. O-O h6 10. Re1 b5 11. Bf1 Bb7 12. a4 b4 13. Nd5 Nxd5 14. exd5 Nd7 15. c4 a5 16. Qe2 f5 17. Nd4 {½-½ (48) Bivol,A (2345)-Bodnaruk,A (2459) Khanty-Mansiysk 2015}) 9... Be6 10. g5 {The position is equal.} Nfd7 11. h4 Kh8 12. Be3 Nc6 13. Nd5 Nc5 14. Nd2 f5 15. gxf6 Bxf6 16. Bg4 Bg8 17. Nb3 (17. Kf1 $15) 17... Nxe4 $17 18. Qd3 $2 {[#]} (18. Bf5 $17 {keeps fighting.} Nc5 19. Qh5) 18... Nc5 (18... Nxf2 $1 $19 {[%mdl 512]} 19. Bxf2 (19. Kxf2 e4) 19... e4) 19. Nxc5 dxc5 20. Nxf6 Qxf6 ({Much less strong is} 20... Rxf6 21. Qxd8 Rxd8 22. c3 $17) 21. Bxc5 Rad8 22. Qe3 {[#]} (22. Qg3 $17 Qg6 23. Be2) 22... Rfe8 (22... Qg6 $1 $19 {[%cal Rg6g4]} 23. Bxf8 Qxg4 24. Bxg7+ Qxg7) 23. Qg5 Nd4 24. O-O-O Qxf2 {[%csl Gd4][%cal Rf2c2]} 25. Rd2 $2 {[#]} (25. Bxd4 $1 $15 exd4 26. Rhf1) 25... Qf7 $1 $19 {[%cal Rf7a2]} 26. Bh5 Qxa2 $40 {[%cal Ra2a1][%mdl 128] Black wants a kill.} 27. Rxd4 {Hoping for Rg1.} Rxd4 ({But not} 27... exd4 28. Rg1 $17) 28. Bxd4 Qa1+ 29. Kd2 Qxh1 30. Bxe8 exd4 (30... Qh2+ $19 31. Kc1 exd4) 31. Qd8 $2 {[%mdl 8192]} (31. Bh5 $17) 31... Qg2+ 32. Kd1 Qg1+ 33. Kd2 Qe3+ 34. Kd1 {[#]} d3 $1 35. Ba4 (35. cxd3 Bb3#) 35... Qe2+ {Precision: White = 32%, Black = 57%.} 0-1

[Event "84th Annual Southwest Open"]
[Site "Irving"]
[Date "2018.09.02"]
[Round "4"]
[White "Huang, Max"]
[Black "Yim, Sung Ho"]
[Result "1/2-1/2"]
[WhiteElo "1805"]
[BlackElo "2271"]
[Annotator "TA"]
[PlyCount "119"]
[EventDate "2018.08.31"]
[EventType "swiss"]
[EventCountry "USA"]
[SourceTitle "playchess.com"]
[Source "ChessBase"]
[SourceQuality "1"]

{[%evp 14,119,72,66,119,114,120,93,111,67,77,45,48,35,47,32,62,20,52,33,43,0,0,0,0,0,92,56,85,65,117,0,34,-51,-56,-43,-49,-43,0,-7,0,0,0,-2,17,14,14,0,25,30,27,19,21,21,17,13,16,14,37,37,37,37,152,159,224,206,214,204,220,229,229,141,149,-151,-186,-512,8,8,24,0,0,0,0,0,0,0,0,0,0,0,0,0,0,0,0,0,8,8,8,8,8,0,0,0,12,0,0,0]} 1. d4 g6 2. c4 Bg7 3. Nc3 c5 4. d5 Bxc3+ 5. bxc3 f5 6. e4 fxe4 7. f3 e5 {A40: Verschiedene (seltene) Antworten auf 1.d4} (7... Nf6 8. Bh6 Qa5 9. Qc2 d6 10. fxe4 Bd7 11. Nf3 Ba4 12. Qb2 Nbd7 13. Bd3 Ng4 14. Bf4 O-O 15. Bg3 {½-½ (84) Bartel,M (2638)-Harikrishna,P (2709) Germany 2013}) 8. Qc2 {LiveBook: 18 Partien} ({Viel schwächer wäre} 8. fxe4 Qh4+ 9. Kd2 (9. g3 Qxe4+ 10. Qe2 Qxe2+ 11. Bxe2 d6 $11) 9... Qxe4 $11) 8... e3 (8... d6 $14) 9. Bxe3 $16 d6 {Weiß steht besser.} 10. Bd3 Qh4+ 11. g3 Qe7 $146 ({Vorgänger:} 11... Qf6 12. Ne2 Qxf3 13. Kd2 Bh3 14. Rhe1 Ne7 15. Nf4 exf4 16. Bxf4 {1-0 (51) Lorenzo de la Riva,L (2436)-Norwood,D (2495) Catalunya 2013}) 12. h4 Nf6 13. Bg5 Nbd7 14. O-O-O Kd8 15. Re1 (15. h5 $5) 15... Kc7 16. h5 gxh5 17. f4 h6 18. Bh4 $1 {Droht Sf3.} Qg7 $1 19. Nf3 {[%cal Rf4e5]} exf4 (19... Ng4 $11 {hält das Gleichgewicht.}) 20. Rhg1 Qf8 21. Re6 Rg8 $1 {[#]} 22. Qd2 (22. Bg6 $1 $16) 22... fxg3 23. Bxg3 (23. Rxg3 $14 Rg4 24. Rxg4 hxg4 25. Bg3 gxf3 26. Bxd6+ Qxd6 27. Rxd6 Kxd6 28. Qf4+ Ke7 29. Bg6) 23... Rxg3 $15 24. Rxg3 Nb6 25. Re1 Bg4 26. Nh4 {Droht Sg6 und aus.} Nfd7 {Weiss sollte ...Se5 verhindern.} 27. Ng6 Qf6 28. Rf1 $1 $132 {[%cal Rf1f6][%mdl 2048] Weiss is not keeping still} Qg7 29. Nf4 {[#] Und Se6+ würde nun gewinnen.} Qe7 30. Re3 Qg5 31. Ne6+ Bxe6 $1 32. Rxe6 Ne5 33. Qxg5 hxg5 34. Re7+ Nbd7 $1 35. Be2 Rh8 36. Rg7 g4 37. Rh1 Rf8 ({Lieber} 37... a6 $14) 38. Rxh5 $16 Kb6 (38... a5 $16 {ist wohl besser.} 39. Bxg4 Nxg4) 39. Rhh7 $18 g3 40. Rxg3 ({Lieber nicht} 40. Rxd7 Nxd7 41. Rg7 (41. Rxd7 $2 g2 $19) 41... Rh8 $17) 40... Rf2 41. Kd1 Nf6 42. Re7 {zielt auf Tgg7 ab.} Ne4 43. Rgg7 $2 {[%mdl 8192]} (43. Re3 $16 {und es läuft.} Rf4 44. Kc2) 43... Nxc3+ $17 44. Kc2 $2 (44. Kd2 {nur so!} Nxe2 45. Rxb7+ Ka5 46. Rb5+ Ka6 47. Ke1 Nd3+ 48. Kd2) 44... Rxe2+ $2 ({Besser ist} 44... Nxe2 $19 45. Rxb7+ Ka5 46. Rb5+ Ka6) 45. Kxc3 $19 {[%mdl 4096] Endspiel KTT-KTS} a6 (45... Re3+ {feels hotter.} 46. Kc2 Ka5 47. Re6 Kb4 48. Rxb7+ Kxc4 49. Rxa7 Kxd5 50. Rh6 Re2+) 46. Rxb7+ Ka5 {Die Stellung ist ausgeglichen.} 47. Rg8 Re3+ 48. Kc2 Re2+ 49. Kc3 Re3+ 50. Kc2 Re2+ 51. Kc3 Re3+ 52. Kc2 Nxc4 53. Ra8 Na3+ 54. Kd2 Re5 55. Rba7 Rxd5+ 56. Kc1 Kb4 57. Rb8+ Ka5 58. Rba8 Kb4 59. Rb8+ Ka5 60. Rba8 {Precision: Weiß = 46%, Schwarz = 52%.} 1/2-1/2

[Event "84th Annual Southwest Open"]
[Site "Irving"]
[Date "2018.09.02"]
[Round "5"]
[White "Xiong, Jeffery"]
[Black "Arribas Lopez, Angel"]
[Result "1/2-1/2"]
[WhiteElo "2650"]
[BlackElo "2460"]
[Annotator "TA"]
[PlyCount "89"]
[EventDate "2018.08.31"]
[EventType "swiss"]
[EventCountry "USA"]
[SourceTitle "playchess.com"]
[Source "ChessBase"]
[SourceQuality "1"]

{[%evp 21,89,17,14,16,23,17,18,20,27,35,37,17,20,12,15,-14,14,13,14,14,20,14,14,19,14,14,14,0,17,0,5,0,0,0,14,14,14,14,21,14,18,14,14,14,19,14,27,31,32,33,33,32,32,15,31,21,18,0,0,0,0,0,0,0,0,0,0,0,0,0]} 1. d4 Nf6 2. Nf3 g6 3. Nbd2 Bg7 4. e4 d6 5. Bd3 Nc6 6. O-O O-O 7. c3 e5 8. dxe5 Nxe5 9. Nxe5 dxe5 10. Nc4 Nh5 11. g3 {B07: Pirc Defence: Miscellaneous Systems} Qe7 {LiveBook: 7 Games} 12. Qe2 (12. b3 Rd8 13. Qe2 Bh3 14. Rd1 Qf6 15. f3 Bf8 16. Ne3 Bc5 17. Kh1 c6 18. b4 Bb6 {½-½ (62) Duran Vega,S (2360)-Espinosa Veloz,E (2544) Santa Clara 2018}) 12... Rd8 13. Rd1 {White has an edge.} Be6 14. Be3 Bf6 $146 ({Predecessor:} 14... a5 15. a4 Nf6 16. f3 Nd7 17. Kg2 h5 18. Nd2 h4 {½-½ (32) Jung,R-Shepherd,C ICCF email 2012}) 15. Na5 c6 16. b4 Ng7 17. Rd2 Qc7 18. Rad1 b6 19. Nc4 Rd7 20. a4 Rad8 21. Bc2 Rxd2 22. Rxd2 Rxd2 23. Nxd2 Be7 24. Bd3 h5 25. Bc4 h4 26. Bxe6 Nxe6 27. Nf3 hxg3 28. hxg3 Bf8 29. Qd3 Kh7 30. Qf1 Bg7 31. Kh2 Bf8 32. Kg2 Bg7 33. Qd1 Bf8 34. Nh2 Bg7 35. Qd3 Bf8 36. Ng4 Bg7 37. Kg1 Kg8 38. Nh2 Kh7 {The position is equal.} 39. Nf3 Bh6 40. Nh2 Bxe3 41. Qxe3 Qd7 42. Kg2 {Black should prevent Ng4.} Kg7 43. a5 c5 44. Nf3 f6 45. axb6 {Precision: White = 52%, Black = 67%.} 1/2-1/2